000 00819cam a2200217 i 4500
005 20260126101545.0
008 250721s2018 ua gr 000 0 ara d
020 _a9789776567481
082 1 4 _a346.048
_bر ا ش
100 1 _aراشد، طارق جمعه السيد
_eمؤلف.
245 1 2 _aالمسؤولية المدنية للناشر الإلكتروني :
_b"دراسة مقارنة" /
_cطارق جمعة السيد راشد.
250 _aالطبعة الاولى.
264 3 1 _aمصر :
_bالمركز العربي للنشر و التوزيع،
_c2018.
300 _a539 صفحة.
650 1 7 _aالقانون.
650 1 7 _aالملكية الفكرية.
650 1 7 _aحقوق النشر.
650 1 7 _aالتكنولوجيا.
942 _2ddc
_cBK
999 _c141066
_d141066